000 01143nam a22003377a 4500
001 6550
003 DO-SdBPM
005 20251117114831.0
007 ta
008 000417s1999 sp | ||| ||spa
020 _a848130204X
040 _aDO-SdBPM
_bspa
_cBPMSU
_erda
041 1 _aspa
082 4 _a841.8
_bV166c 1999
_222
100 1 _aValéry, Paul,
_d1871-1945
245 1 3 _aEl cementerio marino /
_cPaul Valéry ; traducción de Mariano Roldán y Carlos R. de Dampierre ; prólogo de Víctor García de la Concha.
264 _aMadrid :
_bMilenium,
_c1999.
300 _a93 páginas ;
_c22 cm.
336 _atexto
_btxt
_2rdacontent
337 _asin mediación
_bn
_2rdamedia
338 _avolumen
_bnc
_2rdacarrier
490 0 _aMillenium.Las 100 joyas del milenio;
_aBiblioteca El mundo,
_v84
590 _aInventariado, 2025/VM
650 7 _aPoesía francesa.
650 7 _aMuerte en la poesía.
700 _aGarcía de la Concha, Víctor,
_e prólogo
700 1 _aDampierre, Carlos,
_e traductor
700 1 _a Roldán, Mariano
_e traductor
910 _aVMateo V. Control de calidad. BPMSU
942 _2ddc
_cBK
999 _c8581
_d8581